01025cam a2200241 a 450000500170000000800410001702000180005804000370007604100080011304400070012108200170012810000360014524501320018125000220031326000510033530000600038650400620044665000580050865000720056665000500063865100560068870000390074420160622145658.0111221s2010 ck abd r 000 0 spa d a9789584468758 aCO-BoPUJcCO-BoIAVH dCO-BoIAVH 0 aspa ack04a333.72bM92h1 aMotta González, Nancyeautora10aHistoria ambiental del Valle del Cauca: geoespacialidad, cultura y génerocNancy Motta González y Aceneth Perafán Cabrera aPrimera edición aSantiago de CalibUniversidad del Vallec2010. a199 páginas : bilustraciones y mapas ; c24 x 17 cm. aIncluye referencias bibliográficas: páginas 184-1995.16aMedio ambiente.xHistoriazValle del Cauca (Colombia)24aEcosistemasxAspectos socioeconómicoszValle del Cauca (Colombia)26aEcología humanazValle del Cauca (Colombia) 4aValle del Cauca (Colombia)xCondiciones ambientales1 aPerafán Cabrera, Acenetheautora